|
|
แสดงรายละเอียดบรรณานุกรม |
|
|
Brief Record
: Get Marc (ISO 2709)
: E-mail record
: |
|
|
| LEADER 00000nama 2200000uu 4500 | |||
| 001 188300 | |||
| 003 ULIBM | |||
| 008 040531s2000 th m m a000 0 tha d | |||
| 020 0-7216-8243-x | |||
| 041 eng | |||
| 050 WY86 R58c | |||
| 100 Rodgers, Beth L. | |||
| 245 Concept development in nursing : foundations, techniques,andapplications 001 | |||
| 246 Concept in nursing | |||
| 250 2 | |||
| 260 Philadelphia Saunders 2000 | |||
| 300 458 p. | |||
| 650 Nursing - philosophy | |||
| 998 2002-10-02 | |||
| คุณยังไม่ได้ล็อกอิน คุณสามารถมีกิจกรรมร่วมกับเว็บไซต์ได้ แต่ต้องล็อกอินก่อน :: |
|
| สถานะ | |||||||||
| 1. | หนังสือทั่วไป สถานะ=อยู่บนชั้นแสดงหนังสือ | WY86 R58c 2000 | On Shelf ขอยืม | ||||||
| [แสดง 1/1 รายการ] | |||||||||
| รายการใกล้เคียง หัวเรื่อง [Nursing - philosophy] |
BibComment |
| คอมเมนท์ทรัพยากรรายการนี้ |
|
|